000
00294nam a22001217a 4500
008
180215b xxu||||| |||| 00| 0 eng d
041
_a
eng
080
_a
574
100
_a
9
101
_a
MJE
245
_a
Environmental policy elements of environmental analysis
_c
Tolley,G.S
942
_2
udc
_c
BK
999
_c
42679
_d
42679